Statistics for Countries in the MCU

Click here to take the quiz!

General Stats

  • This quiz has been taken 77 times
    (22 since last reset)
  • The average score is 88 of 133

Answer Stats

MovieCountry% Correct
Avengers: Infinity War | Black Panther | Captain America: Civil War | +5 othersUnited Kingdom
95%
Ant-Man | Ant-Man and the Wasp | Avengers | +30 othersUnited States
95%
Avengers: Endgame | Loki | Thor | +3 othersAsgard
84%
The Incredible HulkCanada
84%
Shang-Chi and the Legend of the Ten RingsChina
84%
Doctor StrangeChina (Hong Kong)
84%
Avengers: Infinity War | Black Panther | Falcon and the Winter Soldier | What if...?Wakanda
84%
Eternals | The Incredible HulkBrazil
79%
Captain America: The First Avenger | Spider-Man: Far From Home | What if...?Italy
79%
Spider-Man: Far From HomeMexico
79%
Black Widow | Captain America: Civil War | Iron Man 2 | What if...?Russia
79%
Loki | What if...?France
74%
Avengers | Captain America: Civil War | Captain America: The First Avenger | +4 othersGermany
74%
Avengers: Endgame | EternalsJapan
74%
Avengers: Endgame | Black Widow | Captain America: The First Avenger | +2 othersNorway
74%
Iron Man | What if...?Afghanistan
63%
Avengers | Eternals | What if...?India
63%
Avengers: Age of Ultron | WandaVisionSokovia
58%
Avengers: Age of Ultron | Black Panther | What if...?South Korea
58%
Captain America: Civil War | Spider-Man: Far From Home | What if...?Austria
53%
Eternals | What if...?Australia
47%
Spider-Man: Far From HomeCzech Republic
47%
Doctor Strange | Doctor Strange in the Multiverse of Madness | Spider-Man: No Way Home | What if...?Nepal
47%
Spider-Man: Far From HomeNetherlands
47%
Avengers: Age of Ultron | What if...?South Africa
47%
Falcon and the Winter Soldier | Iron Man 3Switzerland
47%
Black Panther | Captain America: Civil WarNigeria
42%
Falcon and the Winter SoldierLatvia
37%
Black Widow | Spider-Man: Far From HomeMorocco
37%
Black WidowCuba
26%
Iron Man 2Monaco
26%
Falcon and the Winter SoldierTunisia
26%
EternalsPeru
21%
Thor: Ragnarok | What if...?Sakaar
21%
Guardians of the Galaxy | What if...?Xandar/Nova Empire
21%
What if...?Bosnia and Herzegovina
16%
Black WidowHungary
16%
Falcon and the Winter SoldierLithuania
16%
Falcon and the Winter SoldierMadripoor
16%
LokiMongolia
16%
The Incredible HulkGuatemala
11%
Captain MarvelKree Empire
11%
Falcon and the Winter SoldierSlovakia
11%
EternalsAztec Empire
5%
LokiLamentis-1
5%
LokiRoman Empire
5%
Guardians of the Galaxy Vol. 2 | What if...?Sovereign
5%
EternalsBabylonian Empire
0%
EternalsGupta Empire
0%

Score Distribution

Percentile by Number Answered

Percent of People with Each Score

Your Score History

You have not taken this quiz since the last reset